Решение задач по физике: от простого к сложному (Запись № 478022)
[ простой вид ]
| 000 -МАРКЕР | |
|---|---|
| контрольное поле | 01769nam1a2200337 i 4500 |
| 001 - ИДЕНТИФИКАТОР ЗАПИСИ | |
| контрольное поле | RU\NLR\bibl\87579 |
| 005 - ИДЕНТИФИКАТОР ВЕРСИИ | |
| контрольное поле | 20260405090618.0 |
| 035 ## - ДРУГИЕ СИСТЕМНЫЕ НОМЕРА | |
| Идентификатор записи | (NLR Aleph) 000085546 |
| 100 ## - ДАННЫЕ ОБЩЕЙ ОБРАБОТКИ | |
| Данные общей обработки | 20000523g19999999u y0rusy50 ca |
| 101 0# - ЯЗЫК РЕСУРСА | |
| Язык текста, звукозаписи и т.д. | русский |
| 102 ## - СТРАНА ПУБЛИКАЦИИ ИЛИ ПРОИЗВОДСТВА | |
| Страна публикации | Российская Федерация |
| 105 ## - ПОЛЕ КОДИРОВАННЫХ ДАННЫХ: ТЕКСТОВЫЕ МАТЕРИАЛЫ, МОНОГРАФИЧЕСКИЕ | |
| Кодированные данные о монографическом текстовом документе | a j ||||| |
| 106 ## - ПОЛЕ КОДИРОВАННЫХ ДАННЫХ: ТЕКСТОВЫЕ РЕСУРСЫ – ФОРМА | |
| Форма ресурса: кодированные данные: обозначение носителя | s |
| 200 1# - ЗАГЛАВИЕ И СВЕДЕНИЯ ОБ ОТВЕТСТВЕННОСТИ | |
| Основное заглавие | Решение задач по физике: от простого к сложному |
| Сведения, относящиеся к заглавию | [Учеб. пособие для студентов 1-го курса ун-та] |
| Первые сведения об ответственности | Т.П. Привалова, Б.Р. Гельчинский, С.И. Морозов |
| Последующие сведения об ответственности | М-во общ. и проф. образования Рос. Федерации, Юж.-Урал. гос. ун-т. Каф. общ. и теорет. физики |
| 210 ## - ПУБЛИКАЦИЯ, РАСПРОСТРАНЕНИЕ И ДР. | |
| Место издания, распространения и т.д. | Челябинск |
| Имя издателя, распространителя и т. д. | Изд-во ЮУрГУ |
| Дата издания, распространения и т.д. | 1999 |
| 215 ## - ФИЗИЧЕСКАЯ ХАРАКТЕРИСТИКА | |
| Размеры | 21 |
| 463 #0 - УРОВЕНЬ ФИЗИЧЕСКОЙ ЕДИНИЦЫ | |
| Встроенное поле | 00182758 |
| 606 0# - НАИМЕНОВАНИЕ ТЕМЫ КАК ПРЕДМЕТ | |
| Наименование темы | Физика |
| Тематический подзаголовок | Задачи |
| -- | Решение |
| Системный номер авторитетной/нормативной записи | 1884306 |
| Идентификатор авторитетной/нормативной записи | RU\NLR\auth\661146906 |
| 606 0# - НАИМЕНОВАНИЕ ТЕМЫ КАК ПРЕДМЕТ | |
| Наименование темы | Физика |
| Формальный подзаголовок | Учебные издания для высшей школы |
| Тематический подзаголовок | Задачи |
| -- | Решение |
| Системный номер авторитетной/нормативной записи | 1884306 |
| Идентификатор авторитетной/нормативной записи | RU\NLR\auth\661146906 |
| 686 ## - ИНДЕКСЫ ДРУГИХ КЛАССИФИКАЦИЙ | |
| Индекс | В3я73-41 |
| 700 #1 - ИМЯ ЛИЦА - ПЕРВИЧНАЯ ОТВЕТСТВЕННОСТЬ | |
| Код отношения | Автор |
| Начальный элемент ввода | Привалова |
| Часть имени, кроме начального элемента ввода | Т. П. |
| Дополнения к именам, кроме дат | д-р хим. наук, канд. техн. наук |
| Даты | 1945- |
| Расширение инициалов личного имени | Татьяна Павловна |
| Системный номер авторитетной/нормативной записи | 143626 |
| Идентификатор авторитетной/нормативной записи | RU\NLR\AUTH\770143662 |
| 701 #1 - ИМЯ ЛИЦА - АЛЬТЕРНАТИВНАЯ ОТВЕТСТВЕННОСТЬ | |
| Начальный элемент ввода | Гельчинский |
| Часть имени, кроме начального элемента ввода | Б. Р. |
| Расширение инициалов личного имени | Борис Рафаилович |
| Код отношения | Автор |
| 701 #1 - ИМЯ ЛИЦА - АЛЬТЕРНАТИВНАЯ ОТВЕТСТВЕННОСТЬ | |
| Код отношения | Автор |
| Материалы, к которым относится поле | rus |
| Графика поля | Кириллица |
| Начальный элемент ввода | Морозов |
| Часть имени, кроме начального элемента ввода | С. И. |
| Дополнения к именам, кроме дат | канд. физ.-мат. наук, физ. химия |
| Расширение инициалов личного имени | Сергей Иванович |
| Идентификатор авторитетной/нормативной записи | RU\NLR\auth\7732239 |
| Системный номер авторитетной/нормативной записи | 15248 |
| 801 #0 - ИСТОЧНИК ЗАПИСИ | |
| Страна | Российская Федерация |
| Организация | NLR |
| Дата составления | 20000523 |
| Правила каталогизации | PSBO |
| 801 #1 - ИСТОЧНИК ЗАПИСИ | |
| Страна | Российская Федерация |
| Организация | NLR |
| Дата составления | 20000523 |
| 852 ## - МЕСТОНАХОЖДЕНИЕ И ШИФР ХРАНЕНИЯ | |
| Идентификатор организации | NLR |
| Шифр хранения (Call Number) | 2000-3/2934 |
| 942 ## - ДОПОЛНИТЕЛЬНЫЕ ЭЛЕМЕНТЫ ЗАПИСИ (АБИС) | |
| Тип экземпляра АБИС | Книга |
Нет доступных экземпляров.